Diplomacia parlamentaria

Guardat en:
Dades bibliogràfiques
Autors principals: Burgos Quezada, Mauricio Javier (Autor), Riffo Muñoz, José Luis (Autor)
Format: Llibre
Idioma:espanyol
Publicat: Valparaíso Senado de Chile 2014
Edició:1a. ed
Matèries:
Etiquetes: Afegir etiqueta
Sense etiquetes, Sigues el primer a etiquetar aquest registre!

MARC

LEADER 00000cam a2200000 a 4500
001 UCE8417
003 CL-VaPUC
008 150731e20140000cl |||||||||||||||||spa|d
082 0 4 |a 328  |b BUR  |2 21 
100 |a Burgos Quezada, Mauricio Javier  |e author  |9 842194 
700 0 |a Riffo Muñoz, José Luis  |e author  |9 581150 
245 1 0 |a Diplomacia parlamentaria 
250 |a 1a. ed 
300 |a 200 p 
942 |c BK 
945 |d 20150731 12:25:00  |a gsalatino 
260 |a Valparaíso  |b Senado de Chile  |c 2014 
650 0 |a Diplomacia  |9 256483 
650 7 |a PARLAMENTARIOS  |2 CL-VaPUC  |9 338461 
651 7 |a CHILE  |2 CL-VaPUC  |9 581151 
583 |a last modification  |c 20150731 12:25:00  |k Rodrigo Vera 
999 |c 360287  |d 360285 
952 |0 0  |1 0  |3 erb  |4 0  |6 328_000000000000000_BUR_2014  |7 0  |8 A  |9 470004  |a BIBCUR  |b BIBCUR  |i 5192331  |o 328 BUR 2014  |p 5192331  |r 2025-04-22  |w 2019-11-23  |y BK  |z Catalogado en:20150731  |k PER